The Penguin dictionary of psychology / (Record no. 15082)

MARC details
000 -LEADER
fixed length control field 00658nam a22002172 4500
001 - CONTROL NUMBER
control field 0000009323
005 - DATE AND TIME OF LATEST TRANSACTION
control field 20151217161140.0
008 - FIXED-LENGTH DATA ELEMENTS--GENERAL INFORMATION
fixed length control field 080923s xx 000 0 eng d
020 ## - INTERNATIONAL STANDARD BOOK NUMBER
International Standard Book Number 0140514511 :
Terms of availability BSP 40
040 ## - CATALOGING SOURCE
Original cataloging agency KABU
Transcribing agency KABU
100 1# - MAIN ENTRY--PERSONAL NAME
Personal name Reber, Arthur S.
-- 0000160547
245 14 - TITLE STATEMENT
Title The Penguin dictionary of psychology /
Statement of responsibility, etc. Arthur S. Reber & Emily S. Reber.
250 ## - EDITION STATEMENT
Edition statement 3rd ed.
260 ## - PUBLICATION, DISTRIBUTION, ETC. (IMPRINT)
Place of publication, distribution, etc. London :
Name of publisher, distributor, etc. Penguin,
Date of publication, distribution, etc. 2001.
300 ## - PHYSICAL DESCRIPTION
Extent xxi, 831 p.
650 #0 - SUBJECT ADDED ENTRY--TOPICAL TERM
Topical term or geographic name as entry element Psychology
Form subdivision Dictionaries.
-- 0000160548
700 1# - ADDED ENTRY--PERSONAL NAME
Personal name Reber, Emily S.
-- 0000160549
908 ## - PUT COMMAND PARAMETER (RLIN)
Put command parameter 080923
950 ## - LOCAL HOLDINGS (RLIN)
-- 1
Holdings
Withdrawn status Lost status Source of classification or shelving scheme Not for loan Home library Current library Date acquired Total Checkouts Full call number Barcode Date last seen Price effective from Koha item type
    Library of Congress Classification Not For Loan Kabarak, Main Campus Kabarak, Main Campus 17/12/2015   BF31 .R43 2001 c. 1 009230 17/12/2015 17/12/2015 Reference
Designed with assistance from East African Informatics Ltd